| 000 | 00769cam a2200253 i 4500 | ||
|---|---|---|---|
| 001 | 891753 | ||
| 003 | ARRUPE | ||
| 005 | 20140203135434.0 | ||
| 008 | 800605s1980 enk b 001 0 eng | ||
| 010 | _a 80478545 | ||
| 015 | _aGB*** | ||
| 020 |
_a0715614444 : _c£18.00 |
||
| 040 |
_aDLC _cDLC _dDLC |
||
| 050 | 0 | 0 |
_aBS537 _b.C33 1980 |
| 082 | 0 | 0 | _a220/.01/4 |
| 100 | 1 |
_aCaird, G. B. _q(George Bradford), _d1917- _97746 |
|
| 245 | 1 | 4 |
_aThe language and imagery of the Bible / _cG. B. Caird. |
| 260 |
_aLondon : _bDuckworth, _c1980. |
||
| 300 |
_aviii, 280 p. ; _c23 cm. |
||
| 504 | _aIncludes bibliographical references and indexes. | ||
| 630 | 0 |
_aBible _xLanguage, style. _97747 |
|
| 906 |
_a7 _bcbc _corignew _d4 _encip _f19 _gy-gencatlg |
||
| 942 |
_2lcc _cMONOGRAPH |
||
| 999 |
_c119889 _d119889 |
||